000 00371nam a22001577a 4500
003 MPLRDC
005 20220104150219.0
008 210129b ||||| |||| 00| 0 eng d
082 _a916.65 JDDZ
100 _a
245 _a吉他弹奏与突破
_c
260 _a
_bSING KANG PUBLISHING SERVICE CO.
_c
300 _b
650 _a吉他
942 _cBK
_o916.65 JDDZ
999 _c51749
_d51739